| 000 | 00665nam a2200265Ia 4500 | ||
|---|---|---|---|
| 003 | OSt | ||
| 005 | 20221007100602.0 | ||
| 006 | a|||||r|||| 00| 0 | ||
| 007 | ta | ||
| 008 | 221006b |||||||| |||| 00| 0 eng d | ||
| 024 | _a4,678 | ||
| 037 | _cTextual | ||
| 040 |
_aLCO _cLCO _beng |
||
| 041 |
_2eng _aeng |
||
| 082 | _aZk, M2.1-M2.2 | ||
| 100 | _aMUKHERJEE T P | ||
| 245 | 0 | _aLaw Lexicon | |
| 250 | _a3 | ||
| 260 |
_aAllahabad _bCentral Law Agency _c1982 |
||
| 300 | _a954 | ||
| 490 | _vVol - 1 | ||
| 650 |
_aLAW LEXICON _9701341 |
||
| 942 |
_hZk, M2.1-M2.2 _cTEXL |
||
| 999 |
_c1174241 _d1174241 |
||